[Event "Tradewise Gibraltar Masters 16th"]
[Site "Gibraltar"]
[Date "2018.01.23"]
[Round "1.80"]
[White "Gunina, Valentina"]
[Black "Veltkamp, Gerben"]
[Result "1-0"]
[WhiteElo "2502"]
[BlackElo "2123"]
[PlyCount "141"]
[EventDate "2018.01.23"]
[EventType "swiss"]
[EventRounds "10"]
[EventCountry "GGB"]
[SourceTitle "BritBase"]
[Source "www.saund.co.uk"]
[SourceDate "2018.02.10"]
[SourceVersion "1"]
[SourceVersionDate "2018.02.10"]
[SourceQuality "1"]

1. e4 e5 2. Nf3 Nc6 3. Bc4 Nf6 4. Ng5 d5 5. exd5 Na5 6. Bb5+ Bd7 7. Bxd7+ Qxd7
8. O-O h6 9. Nf3 e4 10. Ne5 Qxd5 11. d4 Nc6 12. Nc3 Qxd4 13. Nxc6 Qxd1 14. Rxd1
bxc6 15. Bf4 Bc5 16. Bxc7 e3 17. fxe3 Bxe3+ 18. Kf1 O-O 19. Rd3 Rfe8 20. Re1
Bg5 21. h3 Rxe1+ 22. Kxe1 Bc1 23. b3 Re8+ 24. Kd1 Bb2 25. Na4 Be5 26. Bxe5 Rxe5
27. Rc3 Nd5 28. Rxc6 Ne3+ 29. Kc1 Nxg2 30. c4 f5 31. c5 Kf7 32. Ra6 Re7 33. Nb2
Ne1 34. c6 f4 35. Ra4 g5 36. Rc4 f3 37. Nd1 Rc7 38. Kd2 Ng2 39. b4 Ke6 40. b5
Rc8 41. Nf2 Rd8+ 42. Kc3 Nf4 43. a4 Nd5+ 44. Kb3 Kd6 45. Rd4 Ke5 46. Re4+ Kf5
47. Rd4 Ke5 48. Rd1 Rf8 49. a5 Rb8 50. Ng4+ Ke4 51. Kc4 Nc7 52. Rd4+ Kf5 53.
Nxh6+ Kg6 54. Rd6+ Kh5 55. Nf5 g4 56. h4 g3 57. Nxg3+ Kxh4 58. Nf5+ Kh3 59.
Rh6+ Kg2 60. Rh7 Nxb5 61. c7 Rf8 62. Rg7+ Kh2 63. Ne3 a6 64. Kc5 Rc8 65. Kb6
Rxc7 66. Rxc7 Nxc7 67. Kxc7 Kg3 68. Kb6 f2 69. Kxa6 Kf3 70. Nf1 Ke2 71. Nh2 1-0

[Event "Tradewise Gibraltar Masters 16th"]
[Site "Gibraltar"]
[Date "2018.01.23"]
[Round "1.81"]
[White "Reuben, Stewart"]
[Black "Paehtz, Elisabeth"]
[Result "0-1"]
[WhiteElo "2045"]
[BlackElo "2464"]
[PlyCount "92"]
[EventDate "2018.01.23"]
[EventType "swiss"]
[EventRounds "10"]
[EventCountry "GGB"]
[SourceTitle "BritBase"]
[Source "www.saund.co.uk"]
[SourceDate "2018.02.10"]
[SourceVersion "1"]
[SourceVersionDate "2018.02.10"]
[SourceQuality "1"]

1. c4 g6 2. g3 Bg7 3. Bg2 d6 4. Nc3 e5 5. e3 Ne7 6. Nge2 O-O 7. O-O Nd7 8. d4
a6 9. b4 a5 10. b5 Re8 11. Ba3 exd4 12. exd4 Nb6 13. Qd3 Bf5 14. Be4 Bxe4 15.
Nxe4 Nxc4 16. Qxc4 d5 17. Qc2 dxe4 18. Qxe4 Nf5 19. Qf3 Qd7 20. Rab1 Qe6 21.
Nc1 Nxd4 22. Qxb7 Rab8 23. Qxc7 Qe4 24. Rb3 Rbc8 25. Qf4 Qxf4 26. gxf4 Nxb3 27.
Nxb3 Rb8 28. Nxa5 Rxb5 29. Nc4 Ra8 30. Rc1 h5 31. Kg2 Bh6 32. Bd6 Rxa2 33. Ne3
Rbb2 34. Rc8+ Kh7 35. Be5 Rxf2+ 36. Kg3 Bg7 37. Nc4 Rg2+ 38. Kf3 Rgc2 39. Ke4
Bxe5 40. fxe5 Ra4 41. Kd5 Kh6 42. Rh8+ Kg7 43. Rc8 g5 44. Rc7 Raxc4 45. Rxc4
Rxc4 46. Kxc4 Kg6 0-1

[Event "Tradewise Gibraltar Masters 16th"]
[Site "Gibraltar"]
[Date "2018.01.23"]
[Round "1.82"]
[White "Villar Reymundo, Juan Antonio"]
[Black "Debashis, Das"]
[Result "0-1"]
[WhiteElo "2121"]
[BlackElo "2501"]
[PlyCount "64"]
[EventDate "2018.01.23"]
[EventType "swiss"]
[EventRounds "10"]
[EventCountry "GGB"]
[SourceTitle "BritBase"]
[Source "www.saund.co.uk"]
[SourceDate "2018.02.10"]
[SourceVersion "1"]
[SourceVersionDate "2018.02.10"]
[SourceQuality "1"]

1. d4 Nf6 2. c4 e6 3. g3 d5 4. Nf3 Nbd7 5. Nbd2 Be7 6. Bg2 O-O 7. O-O b6 8.
cxd5 exd5 9. b3 Bb7 10. Bb2 Re8 11. Rc1 Bd6 12. Re1 Rb8 13. Rc2 Nf8 14. Qc1 Ne6
15. Ne5 c5 16. e3 Rc8 17. Ndf3 h6 18. Rd1 Rc7 19. Nd3 Rc8 20. Nfe5 Qe7 21. Qa1
Ne4 22. Rdc1 Ba6 23. Bf1 Bxe5 24. Nxe5 Bxf1 25. Kxf1 Qb7 26. f3 Nd6 27. Kf2 f6
28. Ng6 Nf5 29. Re2 Qf7 30. Nf4 Nxf4 31. gxf4 Qh5 32. dxc5 Rxe3 0-1

[Event "Tradewise Gibraltar Masters 16th"]
[Site "Gibraltar"]
[Date "2018.01.23"]
[Round "1.83"]
[White "Gagare, Shardul"]
[Black "Stewart, Ashley"]
[Result "1-0"]
[WhiteElo "2494"]
[BlackElo "2120"]
[PlyCount "121"]
[EventDate "2018.01.23"]
[EventType "swiss"]
[EventRounds "10"]
[EventCountry "GGB"]
[SourceTitle "BritBase"]
[Source "www.saund.co.uk"]
[SourceDate "2018.02.10"]
[SourceVersion "1"]
[SourceVersionDate "2018.02.10"]
[SourceQuality "1"]

1. d4 Nf6 2. c4 g6 3. g3 Bg7 4. Bg2 O-O 5. Nc3 d6 6. Nf3 Nc6 7. O-O a6 8. Bf4
Rb8 9. Rc1 h6 10. h3 g5 11. Be3 g4 12. hxg4 Nxg4 13. Qd2 Nxe3 14. Qxe3 e5 15.
dxe5 Re8 16. Rfd1 Nxe5 17. c5 Bg4 18. Qf4 h5 19. cxd6 cxd6 20. Nd5 Ng6 21. Qd2
Rc8 22. Rxc8 Qxc8 23. Rc1 Qf5 24. Ne3 Qb5 25. Nd4 Qe5 26. Nxg4 Qxd4 27. Nh6+
Kh7 28. Qxd4 Bxd4 29. Nf5 Bxb2 30. Rc2 Ba3 31. Bxb7 Ne7 32. Nxe7 Rxe7 33. Bxa6
Ra7 34. Bd3+ Kg7 35. Rc4 Ra5 36. Rf4 d5 37. Rf5 Bb4 38. Rxh5 Rxa2 39. Rxd5 f6
40. Rh5 Ra5 41. Rh7+ Kg8 42. Rb7 Bc3 43. Kg2 Bd4 44. Rd7 Bb2 45. f4 Bc3 46. Kf3
Kf8 47. Bg6 Bb2 48. Kg4 Ra3 49. Bd3 Ra5 50. Bc4 Rc5 51. Bd5 Ke8 52. Rd6 Ra5 53.
Kf5 Ra3 54. Re6+ Kd7 55. g4 Rg3 56. Rxf6 Bxf6 57. Kxf6 Ke8 58. g5 Kf8 59. g6
Rg4 60. f5 Rg3 61. e4 1-0

[Event "Tradewise Gibraltar Masters 16th"]
[Site "Gibraltar"]
[Date "2018.01.23"]
[Round "1.84"]
[White "Smith, Andrew Philip"]
[Black "Goryachkina, Aleksandra"]
[Result "0-1"]
[WhiteElo "2111"]
[BlackElo "2493"]
[PlyCount "82"]
[EventDate "2018.01.23"]
[EventType "swiss"]
[EventRounds "10"]
[EventCountry "GGB"]
[SourceTitle "BritBase"]
[Source "www.saund.co.uk"]
[SourceDate "2018.02.10"]
[SourceVersion "1"]
[SourceVersionDate "2018.02.10"]
[SourceQuality "1"]

1. d4 Nf6 2. c4 e6 3. Nc3 Bb4 4. Nf3 O-O 5. Bg5 c5 6. e3 cxd4 7. Qxd4 Nc6 8.
Qf4 h6 9. h4 Re8 10. Bxf6 Qxf6 11. Qxf6 gxf6 12. Rc1 b6 13. Be2 Bb7 14. O-O
Red8 15. Rfd1 Bxc3 16. Rxc3 Kf8 17. c5 Ke7 18. a3 f5 19. cxb6 axb6 20. Rb3 Ba6
21. Kf1 Rdb8 22. Bxa6 Rxa6 23. Nd4 Nxd4 24. Rxd4 Rc8 25. Ke2 d5 26. Kd2 Kd6 27.
Rdb4 Rc6 28. Rc3 h5 29. Rbb3 Rc4 30. Rxc4 dxc4 31. Rb5 Kc6 32. Re5 Ra8 33. Kc3
Rc8 34. a4 Ra8 35. Kb4 Rd8 36. Kc3 Rd3+ 37. Kc2 Rb3 38. e4 Kd6 39. f4 f6 40.
Rb5 Rxb5 41. axb5 fxe4 0-1

[Event "Tradewise Gibraltar Masters 16th"]
[Site "Gibraltar"]
[Date "2018.01.23"]
[Round "1.85"]
[White "Christiansen, Johan-Sebastian"]
[Black "Osuna Vega, Enrique"]
[Result "1-0"]
[WhiteElo "2492"]
[BlackElo "2102"]
[PlyCount "55"]
[EventDate "2018.01.23"]
[EventType "swiss"]
[EventRounds "10"]
[EventCountry "GGB"]
[SourceTitle "BritBase"]
[Source "www.saund.co.uk"]
[SourceDate "2018.02.10"]
[SourceVersion "1"]
[SourceVersionDate "2018.02.10"]
[SourceQuality "1"]

1. c4 Nf6 2. g3 e6 3. Bg2 d5 4. Nf3 Be7 5. d4 dxc4 6. Qc2 O-O 7. Qxc4 Na6 8.
O-O c5 9. Nc3 cxd4 10. Nxd4 Qc7 11. Qb3 Nc5 12. Qc2 Bd7 13. Rd1 Rac8 14. Ndb5
Qb6 15. a4 e5 16. Be3 a5 17. Rac1 Qa6 18. Nd5 Nxd5 19. Rxd5 Be6 20. Rxc5 Bxc5
21. Bxc5 b6 22. Bxf8 Rxc2 23. Rxc2 Bb3 24. Rc7 Bxa4 25. Bd6 h5 26. Bxe5 f6 27.
Nc3 b5 28. Bb7 1-0

[Event "Tradewise Gibraltar Masters 16th"]
[Site "Gibraltar"]
[Date "2018.01.23"]
[Round "1.86"]
[White "Byron, Alan M"]
[Black "Cuenca Jimenez, Jose Fernando"]
[Result "1/2-1/2"]
[WhiteElo "2099"]
[BlackElo "2489"]
[PlyCount "143"]
[EventDate "2018.01.23"]
[EventType "swiss"]
[EventRounds "10"]
[EventCountry "GGB"]
[SourceTitle "BritBase"]
[Source "www.saund.co.uk"]
[SourceDate "2018.02.10"]
[SourceVersion "1"]
[SourceVersionDate "2018.02.10"]
[SourceQuality "1"]

1. e4 e6 2. d4 d5 3. Nd2 c5 4. exd5 Qxd5 5. dxc5 Bxc5 6. Ngf3 Nf6 7. Bc4 Qc6 8.
Qe2 O-O 9. O-O Nbd7 10. Nb3 b6 11. Nbd4 Qc7 12. Nb5 Qb8 13. Bg5 a6 14. Nbd4 Bb7
15. Rad1 Re8 16. Bh4 b5 17. Bb3 h6 18. c4 b4 19. Ba4 Re7 20. Nb3 Qc8 21. Rxd7
Nxd7 22. Bxe7 Bxe7 23. Bxd7 Qxd7 24. Ne5 Qc7 25. c5 Bd5 26. Rc1 a5 27. Nd3 Rc8
28. Nd4 Qb7 29. f3 Bf6 30. Ne5 Be7 31. Nd3 Qa6 32. b3 Bf6 33. Qe3 Rd8 34. Ne5
Rc8 35. Nd7 Be7 36. Nf5 Bg5 37. f4 exf5 38. fxg5 Qc6 39. Ne5 Qe6 40. gxh6 Re8
41. Re1 gxh6 42. Qf2 Qf6 43. h3 Qg7 44. Nd3 Rxe1+ 45. Nxe1 Qc3 46. Kh2 Kf8 47.
Qxf5 Qxc5 48. Qe5 Qc6 49. Qb8+ Kg7 50. Qg3+ Kh7 51. Nd3 Qg6 52. Nc5 Qxg3+ 53.
Kxg3 Kg6 54. Kf2 Kf5 55. g3 Be4 56. Ke3 Bb1 57. Nb7 a4 58. bxa4 Bxa2 59. Nc5
Bd5 60. Nd3 b3 61. a5 Bb7 62. Kd2 Ba8 63. Nf2 Ke5 64. Kc3 f5 65. a6 b2 66. Kxb2
Kd4 67. g4 f4 68. h4 Ke5 69. Nd3+ Ke4 70. Nxf4 Kxf4 71. g5 hxg5 72. hxg5
1/2-1/2

[Event "Tradewise Gibraltar Masters 16th"]
[Site "Gibraltar"]
[Date "2018.01.23"]
[Round "1.87"]
[White "Stefanova, Antoaneta"]
[Black "Pabalan, Rocky"]
[Result "1-0"]
[WhiteElo "2489"]
[BlackElo "2098"]
[PlyCount "61"]
[EventDate "2018.01.23"]
[EventType "swiss"]
[EventRounds "10"]
[EventCountry "GGB"]
[SourceTitle "BritBase"]
[Source "www.saund.co.uk"]
[SourceDate "2018.02.10"]
[SourceVersion "1"]
[SourceVersionDate "2018.02.10"]
[SourceQuality "1"]

1. d4 Nf6 2. Nf3 e6 3. e3 c5 4. Bd3 d5 5. b3 b6 6. O-O Be7 7. Bb2 O-O 8. c4 Bb7
9. Nc3 cxd4 10. exd4 dxc4 11. bxc4 Nc6 12. a3 Rc8 13. Rc1 Na5 14. Ne5 Bd6 15.
f4 Qe7 16. Nb5 Bb8 17. a4 Rfd8 18. f5 a6 19. Ba3 Qe8 20. fxe6 fxe6 21. Rxf6
gxf6 22. Bxh7+ Kxh7 23. Qd3+ Kh8 24. Qh3+ Kg7 25. Qg3+ Kh8 26. Qh4+ Kg7 27.
Qg4+ Kh8 28. Rc3 Rd7 29. Nxd7 Qxd7 30. Rh3+ Qh7 31. Be7 1-0

[Event "Tradewise Gibraltar Masters 16th"]
[Site "Gibraltar"]
[Date "2018.01.23"]
[Round "1.88"]
[White "Hapala, Elisabeth"]
[Black "Khotenashvili, Bela"]
[Result "0-1"]
[WhiteElo "2097"]
[BlackElo "2486"]
[PlyCount "56"]
[EventDate "2018.01.23"]
[EventType "swiss"]
[EventRounds "10"]
[EventCountry "GGB"]
[SourceTitle "BritBase"]
[Source "www.saund.co.uk"]
[SourceDate "2018.02.10"]
[SourceVersion "1"]
[SourceVersionDate "2018.02.10"]
[SourceQuality "1"]

1. e4 g6 2. d4 Bg7 3. Nc3 c6 4. Nf3 d5 5. h3 Nh6 6. Bd3 O-O 7. O-O f6 8. Ne2
Na6 9. Bd2 Nf7 10. exd5 cxd5 11. c4 Nc7 12. Rc1 Nd6 13. b3 e5 14. Bb1 e4 15.
Ne1 f5 16. f4 dxc4 17. bxc4 b5 18. cxb5 Ncxb5 19. Be3 Nc7 20. Nc3 Nc4 21. Qb3
Ba6 22. Rf2 Rb8 23. Nb5 Bxb5 24. Rxc4 Bxc4 25. Qxc4+ Nd5 26. Bc2 Rc8 27. Qe2
Nxe3 28. Qxe3 Bxd4 0-1

[Event "Tradewise Gibraltar Masters 16th"]
[Site "Gibraltar"]
[Date "2018.01.23"]
[Round "1.89"]
[White "Suarez Gomez, Julio"]
[Black "Bolt, Graham"]
[Result "1-0"]
[WhiteElo "2486"]
[BlackElo "2094"]
[PlyCount "113"]
[EventDate "2018.01.23"]
[EventType "swiss"]
[EventRounds "10"]
[EventCountry "GGB"]
[SourceTitle "BritBase"]
[Source "www.saund.co.uk"]
[SourceDate "2018.02.10"]
[SourceVersion "1"]
[SourceVersionDate "2018.02.10"]
[SourceQuality "1"]

1. d4 g6 2. c4 Bg7 3. Nc3 d6 4. e4 e5 5. Nge2 Nc6 6. Be3 Nh6 7. f3 f6 8. Qd2
Nf7 9. d5 Ne7 10. O-O-O a6 11. Kb1 Bd7 12. Nc1 f5 13. Nd3 f4 14. Bf2 b6 15. g3
g5 16. h4 h6 17. Be2 Ng6 18. h5 Ne7 19. g4 O-O 20. Rc1 Qb8 21. a3 a5 22. b3 Nd8
23. Qb2 c5 24. b4 axb4 25. axb4 Nb7 26. Kc2 Qc7 27. Ra1 Rfb8 28. Rxa8 Rxa8 29.
Rb1 Nc8 30. Kd2 Nd8 31. Ne1 Bf8 32. Nc2 Be7 33. Na3 Qa7 34. Ra1 Qb8 35. Ra2 Nf7
36. Bd1 Kf8 37. Ke1 Bd8 38. Kf1 Bc7 39. Kg2 Ra7 40. Ncb5 Bxb5 41. Nxb5 Rxa2 42.
Qxa2 Qb7 43. Be1 Bb8 44. Ba4 Ke7 45. Bc3 Na7 46. Na3 Bc7 47. Qb3 Nd8 48. Nc2
Nc8 49. Ne1 Qa7 50. bxc5 dxc5 51. Nd3 Kf6 52. Qb5 Nf7 53. Qd7 Qb8 54. Qe6+ Kg7
55. Be8 Ncd6 56. Nxe5 Qxe8 57. Nd7+ 1-0

[Event "Tradewise Gibraltar Masters 16th"]
[Site "Gibraltar"]
[Date "2018.01.23"]
[Round "1.90"]
[White "Cholleti, Sahajasri"]
[Black "Xu, Yi"]
[Result "0-1"]
[WhiteElo "2083"]
[BlackElo "2482"]
[PlyCount "100"]
[EventDate "2018.01.23"]
[EventType "swiss"]
[EventRounds "10"]
[EventCountry "GGB"]
[SourceTitle "BritBase"]
[Source "www.saund.co.uk"]
[SourceDate "2018.02.10"]
[SourceVersion "1"]
[SourceVersionDate "2018.02.10"]
[SourceQuality "1"]

1. Nf3 d5 2. d4 Nf6 3. c4 e6 4. g3 Be7 5. Bg2 O-O 6. O-O dxc4 7. Qc2 a6 8. a4
Bd7 9. Qxc4 Bc6 10. Bf4 Bd6 11. Qc1 Nbd7 12. Nc3 Nd5 13. Bg5 Qe8 14. Rd1 h6 15.
Bd2 f5 16. e3 N7f6 17. Nxd5 Bxd5 18. Ne5 Qh5 19. Nd3 Bf3 20. Re1 Rac8 21. Nf4
Bxf4 22. exf4 Be4 23. Qd1 Qxd1 24. Raxd1 Bxg2 25. Kxg2 Kf7 26. b4 Rfd8 27. Be3
Nd5 28. Rb1 Nb6 29. b5 a5 30. Rec1 Rd7 31. Rc2 Ke8 32. f3 Nd5 33. Bf2 Rd6 34.
Rbc1 Kd7 35. Re2 b6 36. Be1 c6 37. Kf2 cxb5 38. Rxc8 Kxc8 39. axb5 Nc7 40. Ke3
Nxb5 41. Rb2 Nc7 42. Kd3 Nd5 43. Bd2 Rc6 44. g4 g6 45. Rb1 Kd7 46. h4 Rc8 47.
gxf5 gxf5 48. Rg1 a4 49. Rg7+ Kd6 50. Rh7 b5 0-1

[Event "Tradewise Gibraltar Masters 16th"]
[Site "Gibraltar"]
[Date "2018.01.23"]
[Round "1.91"]
[White "Zanan, Evgeny"]
[Black "Compton, Alistair"]
[Result "1-0"]
[WhiteElo "2482"]
[BlackElo "2082"]
[PlyCount "89"]
[EventDate "2018.01.23"]
[EventType "swiss"]
[EventRounds "10"]
[EventCountry "GGB"]
[SourceTitle "BritBase"]
[Source "www.saund.co.uk"]
[SourceDate "2018.02.10"]
[SourceVersion "1"]
[SourceVersionDate "2018.02.10"]
[SourceQuality "1"]

1. d4 Nf6 2. c4 e5 3. dxe5 Ng4 4. Bf4 Bb4+ 5. Nc3 Bxc3+ 6. bxc3 Nc6 7. Nf3 Qe7
8. Qd5 f6 9. exf6 Nxf6 10. Qd3 d6 11. e3 Ne4 12. Rc1 Nc5 13. Qd1 O-O 14. Be2 h6
15. Nd4 Bd7 16. O-O Ne5 17. Nb3 Bc6 18. Na5 Be4 19. Bg3 b6 20. Nb3 Ned7 21. f3
Bb7 22. e4 a5 23. Nd4 Rae8 24. Nb5 Ne5 25. Qd4 Ng6 26. Rfe1 Nf4 27. Bf1 Nfe6
28. Qd2 Rd8 29. Kh1 Qf7 30. Nd4 Nf4 31. Rcd1 Ng6 32. Nf5 Rfe8 33. Bf2 Bc8 34.
Nd4 Bb7 35. Nb3 Ne6 36. Nd4 Nc5 37. Bg3 Ne5 38. Nf5 Ba6 39. Bxe5 Rxe5 40. Ne3
c6 41. Qd4 Qc7 42. Nf5 Nb7 43. Rb1 Rc5 44. Rxb6 Rxf5 45. exf5 1-0

[Event "Tradewise Gibraltar Masters 16th"]
[Site "Gibraltar"]
[Date "2018.01.23"]
[Round "1.92"]
[White "Tejaswini, Sagar"]
[Black "Almagro Llamas, Pablo"]
[Result "1/2-1/2"]
[WhiteElo "2081"]
[BlackElo "2479"]
[PlyCount "86"]
[EventDate "2018.01.23"]
[EventType "swiss"]
[EventRounds "10"]
[EventCountry "GGB"]
[SourceTitle "BritBase"]
[Source "www.saund.co.uk"]
[SourceDate "2018.02.10"]
[SourceVersion "1"]
[SourceVersionDate "2018.02.10"]
[SourceQuality "1"]

1. e4 c6 2. d4 d5 3. Nc3 dxe4 4. Nxe4 Nf6 5. Nxf6+ exf6 6. c3 Na6 7. Bd3 Nc7 8.
Qc2 g6 9. Ne2 Ne6 10. h4 Bd6 11. h5 Rg8 12. hxg6 hxg6 13. Bd2 Qc7 14. c4 b6 15.
O-O-O Bb7 16. Kb1 O-O-O 17. Bc3 f5 18. Rc1 Bf8 19. b4 Nf4 20. Nxf4 Qxf4 21. g3
Qf3 22. Rhe1 Bh6 23. Rcd1 Rge8 24. d5 Rxe1 25. Rxe1 Bg5 26. Bb2 cxd5 27. cxd5+
Kb8 28. d6 Ka8 29. Be5 f6 30. Bb2 a6 31. b5 axb5 32. Bxb5 Qd5 33. Qa4+ Kb8 34.
d7 Qd2 35. Qd1 Be4+ 36. Ka1 Qb4 37. a4 Bd2 38. Re2 Bc3 39. Bxc3 Qa3+ 40. Ra2
Qxc3+ 41. Rb2 Qa3+ 42. Ra2 Qc3+ 43. Rb2 Qa3+ 1/2-1/2

[Event "Tradewise Gibraltar Masters 16th"]
[Site "Gibraltar"]
[Date "2018.01.23"]
[Round "1.93"]
[White "Kobo, Ori"]
[Black "Bjerre, Tavs"]
[Result "1-0"]
[WhiteElo "2477"]
[BlackElo "2071"]
[PlyCount "37"]
[EventDate "2018.01.23"]
[EventType "swiss"]
[EventRounds "10"]
[EventCountry "GGB"]
[SourceTitle "BritBase"]
[Source "www.saund.co.uk"]
[SourceDate "2018.02.10"]
[SourceVersion "1"]
[SourceVersionDate "2018.02.10"]
[SourceQuality "1"]

1. Nf3 Nf6 2. c4 e6 3. g3 d5 4. Bg2 dxc4 5. O-O a6 6. Qc2 Be7 7. Ne5 O-O 8.
Nxc4 Nc6 9. Bxc6 bxc6 10. d3 Qd5 11. f3 Bc5+ 12. Kg2 Qh5 13. h4 e5 14. Bg5 Re8
15. Bxf6 Qf5 16. Rh1 Qxf6 17. Nbd2 Rb8 18. Ne4 Qe7 19. Na5 1-0

[Event "Tradewise Gibraltar Masters 16th"]
[Site "Gibraltar"]
[Date "2018.01.23"]
[Round "1.94"]
[White "Berrocal Ruiz, Valentin"]
[Black "Salomon, Johan"]
[Result "0-1"]
[WhiteElo "2068"]
[BlackElo "2476"]
[PlyCount "72"]
[EventDate "2018.01.23"]
[EventType "swiss"]
[EventRounds "10"]
[EventCountry "GGB"]
[SourceTitle "BritBase"]
[Source "www.saund.co.uk"]
[SourceDate "2018.02.10"]
[SourceVersion "1"]
[SourceVersionDate "2018.02.10"]
[SourceQuality "1"]

1. e4 c5 2. Nc3 a6 3. Bc4 e6 4. d3 b5 5. Bb3 Nc6 6. a4 b4 7. Nce2 Be7 8. Nf3
Nf6 9. O-O O-O 10. c3 d6 11. Re1 Rb8 12. Ng3 Na5 13. Bc2 b3 14. Bb1 Nd7 15. h4
Re8 16. Re3 Nf6 17. Nh2 e5 18. Nh5 Nxh5 19. Qxh5 g6 20. Qh6 Bf8 21. Qg5 Qxg5
22. hxg5 h6 23. Re1 hxg5 24. Bxg5 Kh7 25. Nf1 Bh6 26. Bf6 g5 27. Ne3 Kg6 28.
Nd5 Be6 29. Be7 Nb7 30. d4 cxd4 31. cxd4 Bxd5 32. exd5+ Kg7 33. Ra3 Rxe7 34.
Rxb3 Rbe8 35. Bd3 exd4 36. Rxe7 Rxe7 0-1

[Event "Tradewise Gibraltar Masters 16th"]
[Site "Gibraltar"]
[Date "2018.01.23"]
[Round "1.95"]
[White "Studer, Noel"]
[Black "Dasaolu, Rotimi"]
[Result "1-0"]
[WhiteElo "2476"]
[BlackElo "2064"]
[PlyCount "75"]
[EventDate "2018.01.23"]
[EventType "swiss"]
[EventRounds "10"]
[EventCountry "GGB"]
[SourceTitle "BritBase"]
[Source "www.saund.co.uk"]
[SourceDate "2018.02.10"]
[SourceVersion "1"]
[SourceVersionDate "2018.02.10"]
[SourceQuality "1"]

1. Nf3 c5 2. c4 Nf6 3. g3 b6 4. Bg2 Bb7 5. O-O g6 6. Nc3 Bg7 7. Re1 O-O 8. e4
d6 9. d4 cxd4 10. Nxd4 Nbd7 11. e5 dxe5 12. Bxb7 exd4 13. Bxa8 dxc3 14. Bg2 e6
15. bxc3 Qc7 16. Ba3 Rc8 17. Qa4 a5 18. Rad1 Qxc4 19. Qxc4 Rxc4 20. Rd3 Ra4 21.
Be7 Bf8 22. Bxf8 Nxf8 23. Rd2 Rc4 24. Rd6 Rxc3 25. Rxb6 N8d7 26. Rb5 a4 27. h3
Rc2 28. a3 Rc3 29. Re3 Rc2 30. g4 h6 31. Rd3 g5 32. Rb4 Nc5 33. Rd8+ Kg7 34.
Rc8 Rc3 35. Rd4 e5 36. Rd6 e4 37. Rcc6 Rxa3 38. Rxc5 1-0

[Event "Tradewise Gibraltar Masters 16th"]
[Site "Gibraltar"]
[Date "2018.01.23"]
[Round "1.96"]
[White "Arroyo Rodriguez, Jesus"]
[Black "Saduakassova, Dinara"]
[Result "0-1"]
[WhiteElo "2057"]
[BlackElo "2470"]
[PlyCount "70"]
[EventDate "2018.01.23"]
[EventType "swiss"]
[EventRounds "10"]
[EventCountry "GGB"]
[SourceTitle "BritBase"]
[Source "www.saund.co.uk"]
[SourceDate "2018.02.10"]
[SourceVersion "1"]
[SourceVersionDate "2018.02.10"]
[SourceQuality "1"]

1. e4 c5 2. Nf3 d6 3. d4 cxd4 4. Nxd4 Nf6 5. Nc3 a6 6. Be3 e5 7. Nf3 Qc7 8. a4
Be7 9. a5 Nbd7 10. Qd2 Nc5 11. Bd3 Bg4 12. Bg5 Be6 13. O-O O-O 14. Rfd1 Rfd8
15. Qe2 Rac8 16. Nd2 Qc6 17. Nf1 Nxd3 18. cxd3 h6 19. Bxf6 Bxf6 20. Ne3 Bg5 21.
Ned5 f5 22. g3 Rf8 23. h4 Bd8 24. Qd2 Qe8 25. exf5 Rxf5 26. Ne3 Rf8 27. Ne4 Be7
28. d4 Qg6 29. d5 Bd7 30. Qb4 Bb5 31. Nc3 Rf4 32. Qb3 Rcf8 33. Rd2 Rxf2 34.
Rxf2 Qxg3+ 35. Rg2 Qxe3+ 0-1

[Event "Tradewise Gibraltar Masters 16th"]
[Site "Gibraltar"]
[Date "2018.01.23"]
[Round "1.97"]
[White "Cernousek, Lukas"]
[Black "Coleman, David J"]
[Result "1-0"]
[WhiteElo "2468"]
[BlackElo "2055"]
[PlyCount "95"]
[EventDate "2018.01.23"]
[EventType "swiss"]
[EventRounds "10"]
[EventCountry "GGB"]
[SourceTitle "BritBase"]
[Source "www.saund.co.uk"]
[SourceDate "2018.02.10"]
[SourceVersion "1"]
[SourceVersionDate "2018.02.10"]
[SourceQuality "1"]

1. d4 Nf6 2. c4 g6 3. g3 Bg7 4. Bg2 O-O 5. Nc3 d6 6. Nf3 c6 7. O-O Qa5 8. e4 e5
9. h3 Nbd7 10. Be3 exd4 11. Nxd4 Nb6 12. Qd3 Nfd7 13. b3 Ne5 14. Qc2 Bd7 15.
Rad1 d5 16. c5 Qxc5 17. Ne6 Qxc3 18. Qxc3 Nf3+ 19. Bxf3 Bxc3 20. Nxf8 Bxh3 21.
Bg2 Bxg2 22. Kxg2 Kxf8 23. Bc5+ Kg7 24. Rd3 Bf6 25. Bxb6 dxe4 26. Rd7 axb6 27.
Re1 Rxa2 28. Rxe4 Rb2 29. Re3 c5 30. Rxb7 h5 31. Rf3 g5 32. Rxb6 Bd4 33. Rb7
Bf6 34. Kf1 c4 35. Rb6 Be7 36. Rb5 cxb3 37. Rfxb3 Ra2 38. Rb7 Bf6 39. Rd3 Ra1+
40. Kg2 Ra8 41. Rdd7 Rf8 42. f4 g4 43. Rb5 Rh8 44. Rbb7 Rf8 45. Kf2 h4 46. f5
Bg5 47. Rd6 Rc8 48. Rg6+ 1-0

[Event "Tradewise Gibraltar Masters 16th"]
[Site "Gibraltar"]
[Date "2018.01.23"]
[Round "1.98"]
[White "Marder, Simon"]
[Black "Dragnev, Valentin"]
[Result "0-1"]
[WhiteElo "2054"]
[BlackElo "2466"]
[PlyCount "62"]
[EventDate "2018.01.23"]
[EventType "swiss"]
[EventRounds "10"]
[EventCountry "GGB"]
[SourceTitle "BritBase"]
[Source "www.saund.co.uk"]
[SourceDate "2018.02.10"]
[SourceVersion "1"]
[SourceVersionDate "2018.02.10"]
[SourceQuality "1"]

1. d4 c5 2. d5 Nf6 3. Nc3 d6 4. e4 e5 5. h3 Be7 6. g4 Nbd7 7. a4 Nf8 8. Nge2 h5
9. g5 N6d7 10. h4 f6 11. Ng3 g6 12. Be2 fxg5 13. Nf5 gxh4 14. Ng7+ Kf7 15. Ne6
Qa5 16. Bd2 b5 17. Nxb5 Qb6 18. a5 Qb8 19. Nbc7 Nf6 20. Ng5+ Kg7 21. Nxa8 Qxa8
22. Ra3 N8h7 23. a6 Nxd5 24. exd5 Nxg5 25. Bxg5 Bxg5 26. Rg1 Kh6 27. Rxg5 Kxg5
28. f4+ exf4 29. Kf2 Bg4 30. Rb3 Qe8 31. Bf3 Qe5 0-1

[Event "Tradewise Gibraltar Masters 16th"]
[Site "Gibraltar"]
[Date "2018.01.23"]
[Round "1.99"]
[White "Larino Nieto, David"]
[Black "Kozarcanin, Sead"]
[Result "1-0"]
[WhiteElo "2464"]
[BlackElo "2048"]
[PlyCount "75"]
[EventDate "2018.01.23"]
[EventType "swiss"]
[EventRounds "10"]
[EventCountry "GGB"]
[SourceTitle "BritBase"]
[Source "www.saund.co.uk"]
[SourceDate "2018.02.10"]
[SourceVersion "1"]
[SourceVersionDate "2018.02.10"]
[SourceQuality "1"]

1. g3 d5 2. Bg2 Nf6 3. Nh3 e5 4. d4 exd4 5. Qxd4 Be7 6. Nc3 c6 7. O-O Bf5 8. e4
Bxh3 9. Bxh3 dxe4 10. Qxd8+ Bxd8 11. Bc8 a5 12. Be3 b6 13. Rad1 O-O 14. Bf5 g6
15. Bxe4 Nxe4 16. Nxe4 c5 17. Bh6 Re8 18. Nd6 Re6 19. Nxf7 Bf6 20. Nd8 Re7 21.
Rfe1 Na6 22. Rxe7 Bxe7 23. Nc6 Bf6 24. c3 a4 25. a3 Rc8 26. Rd6 Kf7 27. Na7 Rb8
28. Rd7+ Ke6 29. Rxh7 c4 30. Bf4 Rd8 31. Rb7 Rd1+ 32. Kg2 Nc5 33. Rxb6+ Kf7 34.
Nb5 g5 35. Be3 Nd3 36. Kf3 Ne5+ 37. Ke4 Nd7 38. Rd6 1-0